Democracy, consensus & social contract

Gespeichert in:
Bibliographische Detailangaben
Hauptverfasser: Birnbaum, Pierre (VerfasserIn), Parry, Geraint (VerfasserIn)
Weitere Verfasser: Lively, Jack (autor)
Format: Buch
Sprache:Englisch
Veröffentlicht: Londres SAGE 1978
Schriftenreihe:SAGE Modern Politics Series, 2
Schlagworte:
Tags: Tag hinzufügen
Keine Tags, Fügen Sie den ersten Tag hinzu!

MARC

LEADER 00000nam a2200000 a 4500
001 UCT7103
003 CL-VaPUC
008 970116e19780000UK |||||||||||||||||eng|d
082 0 4 |a 321.4  |b BIR  |2 21 
100 0 |a Birnbaum, Pierre  |e author  |9 377779 
700 |a Lively, Jack  |e autor  |9 561415 
700 0 |a Parry, Geraint  |e author  |9 377781 
245 1 0 |a Democracy, consensus & social contract 
300 |a 361 p 
942 |c BK 
945 |d 19970116 00:00:00  |a paguirre 
260 |a Londres  |b SAGE  |c 1978 
650 0 |a Democracia  |9 255256 
650 7 |a SISTEMAS POLITICOS  |2 CL-VaPUC  |9 377782 
650 0 |a Doctrinas políticas  |9 255835 
650 0 |a Ciudadanía  |9 258339 
650 0 |a Libertad  |9 255686 
650 0 |a Justicia social  |9 314874 
583 |a last modification  |c 19970116 00:00:00  |k Rodrigo Vera 
490 0 |a SAGE Modern Politics Series, 2 
999 |c 255764  |d 255762 
952 |0 0  |1 0  |4 0  |6 321_400000000000000_BIR_1978  |7 0  |8 A  |9 278171  |a BIBDER  |b BIBDER  |d 2019-11-19  |i 1806262  |o 321.4 BIR 1978  |p 1806262  |r 2023-01-25  |w 2019-11-19  |y BK  |k DER